[Event " Olexuv memorial 2019"]
[Site "Brno"]
[Date "2019.12.28"]
[Round "3.4"]
[White "Pribyl, Rene"]
[Black "Neduchal, Jiri"]
[Result "1/2-1/2"]
[WhiteElo "1983"]
[BlackElo "1740"]
[PlyCount "38"]
[EventDate "2019.12.26"]

1. d4 Nf6 2. c4 g6 3. Nc3 d5 4. cxd5 Nxd5 5. e4 Nxc3 6. bxc3 Bg7 7. Bc4 O-O 8.
f4 c5 9. Be3 Nc6 10. e5 cxd4 11. cxd4 e6 12. Ne2 Qa5+ 13. Qd2 Qxd2+ 14. Kxd2
Rd8 15. Kc3 b6 16. Rhd1 Na5 17. Bb3 Nxb3 18. axb3 Bb7 19. g3 Bf8 1/2-1/2

[Event " Olexuv memorial 2019"]
[Site "Brno"]
[Date "2019.12.28"]
[Round "3.5"]
[White "Nisztuk, Michal"]
[Black "Marsa, Alexandr"]
[Result "0-1"]
[WhiteElo "1655"]
[BlackElo "1857"]
[PlyCount "100"]
[EventDate "2019.12.26"]

1. e4 e6 2. d4 d5 3. exd5 exd5 4. Nf3 Bd6 5. c4 Qe7+ 6. Be3 Nf6 7. Nc3 c6 8.
cxd5 Nxd5 9. Nxd5 cxd5 10. Bb5+ Bd7 11. Bxd7+ Nxd7 12. O-O O-O 13. Re1 Nb6 14.
b3 Rfe8 15. a4 Bb4 16. Bd2 Qd6 17. Ne5 f6 18. Nd3 Bxd2 19. Qxd2 Nd7 20. Re3 Re4
21. Rxe4 dxe4 22. Nf4 Rc8 23. Qe3 f5 24. Rd1 Nf6 25. Qg3 Qxd4 26. Qxg7+ Kxg7
27. Ne6+ Kg6 28. Nxd4 Ng4 29. h3 Ne5 30. Kf1 Nd3 31. g3 Kf6 32. f4 h5 33. h4 a6
34. Ke2 Rg8 35. Rg1 Nxf4+ 36. Kd2 Ne6 37. Ne2 Rd8+ 38. Kc3 Ke5 39. Kb4 Rd2 40.
Re1 Nd4 41. Nxd4 Rxd4+ 42. Kc5 Rd3 43. b4 Rxg3 44. Kb6 Rg7 45. Kc5 Rg6 46. b5
b6+ 47. Kc4 a5 48. Rd1 Rd6 49. Rg1 e3 50. Kc3 Ke4 0-1

[Event " Olexuv memorial 2019"]
[Site "Brno"]
[Date "2019.12.28"]
[Round "3.6"]
[White "Kacalek, Tomas"]
[Black "Hurta, Miroslav"]
[Result "1-0"]
[WhiteElo "1568"]
[BlackElo "1737"]
[PlyCount "35"]
[EventDate "2019.12.26"]

1. e4 e5 2. Nf3 Nc6 3. Bb5 a6 4. Ba4 Nf6 5. O-O b5 6. Bb3 Be7 7. Re1 O-O 8. c3
d5 9. exd5 Nxd5 10. Nxe5 Nxe5 11. Rxe5 Nf6 12. d4 Bd6 13. Re1 Ng4 14. h3 Qh4
15. Qf3 Nxf2 16. Bd2 Nxh3+ 17. gxh3 Bxh3 18. Re4 1-0

[Event " Olexuv memorial 2019"]
[Site "Brno"]
[Date "2019.12.28"]
[Round "3.7"]
[White "Hayrumyan, Artur"]
[Black "Zikan, Karel"]
[Result "1-0"]
[WhiteElo "1448"]
[BlackElo "1679"]
[PlyCount "67"]
[EventDate "2019.12.26"]

1. d4 Nf6 2. c4 e6 3. Nc3 d5 4. Bg5 Nbd7 5. e3 c6 6. Nf3 Qa5 7. a3 Ne4 8. b4
Qc7 9. Nxe4 dxe4 10. Nd2 f5 11. c5 Nf6 12. Bxf6 gxf6 13. Qh5+ Qf7 14. Qd1 e5
15. Be2 h5 16. dxe5 fxe5 17. Nc4 Qd5 18. Bxh5+ Ke7 19. Be2 Kf6 20. Qc2 Be7 21.
O-O Qf7 22. f4 Qh7 23. h3 Be6 24. fxe5+ Kf7 25. Qxe4 Rag8 26. Kh2 Ke8 27. Qf4
Bd5 28. Bf3 Bg5 29. Nd6+ Kd8 30. Qxf5 Qxf5 31. Nxf5 Be6 32. Nd4 Ke7 33. Nxe6
Kxe6 34. Bg4+ 1-0

[Event " Olexuv memorial 2019"]
[Site "Brno"]
[Date "2019.12.28"]
[Round "3.8"]
[White "Hladky, Milan"]
[Black "Koci, Milos"]
[Result "1-0"]
[WhiteElo "1667"]
[BlackElo "1359"]
[PlyCount "101"]
[EventDate "2019.12.26"]

1. d4 d5 2. Nf3 Nf6 3. c4 c6 4. e3 e6 5. Nc3 Nbd7 6. Bd3 Be7 7. O-O O-O 8. Qc2
h6 9. b3 Re8 10. Bb2 Bf8 11. Rad1 a6 12. Rfe1 c5 13. cxd5 cxd4 14. dxe6 Rxe6
15. Nxd4 Re8 16. Nf3 Qc7 17. Ne4 Qxc2 18. Nxf6+ Nxf6 19. Bxc2 Bb4 20. Rf1 Bg4
21. a3 Bxf3 22. gxf3 Be7 23. Rd2 Rad8 24. Rxd8 Rxd8 25. Rd1 Rxd1+ 26. Bxd1 a5
27. a4 b6 28. Be2 Nd7 29. f4 Bf6 30. Bc1 Nc5 31. Bc4 Bc3 32. f3 Kf8 33. Kf2 f5
34. Ke2 Ke7 35. Bd5 Kd6 36. e4 fxe4 37. fxe4 Bd4 38. Bd2 Bg1 39. h4 Bd4 40. h5
Ke7 41. Kf3 Kd6 42. Bc4 Ke7 43. e5 Nd7 44. Ke4 Bc5 45. Be1 Kf8 46. f5 Ke7 47.
Bh4+ Kf8 48. Kd5 Be7 49. Bg3 Bc5 50. Ke6 Nb8 51. Bb5 1-0

[Event " Olexuv memorial 2019"]
[Site "Brno"]
[Date "2019.12.28"]
[Round "3.9"]
[White "Doskar, Miloslav"]
[Black "Divis, Jan"]
[Result "1/2-1/2"]
[WhiteElo "1590"]
[BlackElo "1508"]
[PlyCount "60"]
[EventDate "2019.12.26"]

1. d4 d5 2. c4 c6 3. Nf3 Bf5 4. Nc3 e6 5. e3 Nf6 6. cxd5 exd5 7. Bd3 Bxd3 8.
Qxd3 Nbd7 9. O-O Be7 10. Re1 O-O 11. Bd2 Re8 12. Rad1 Bb4 13. Qc2 Nb6 14. Ne5
Bd6 15. f4 Qc8 16. Ne2 Ne4 17. Nc3 Nxd2 18. Qxd2 f6 19. Nd3 Re7 20. b3 a5 21.
e4 dxe4 22. Nxe4 Qc7 23. Nxd6 Qxd6 24. Rxe7 Qxe7 25. Re1 Qf7 26. Nc5 Nd5 27. g3
b6 28. Ne6 Nc7 29. f5 Nxe6 30. Rxe6 Qd7 1/2-1/2

[Event " Olexuv memorial 2019"]
[Site "Brno"]
[Date "2019.12.28"]
[Round "3.10"]
[White "Hala, Pavel"]
[Black "Weber, Tomas"]
[Result "0-1"]
[WhiteElo "1531"]
[BlackElo "1476"]
[PlyCount "96"]
[EventDate "2019.12.26"]

1. c4 d6 2. e4 e5 3. Nc3 Be7 4. d3 Nf6 5. h3 c6 6. Nf3 Na6 7. a3 Nc7 8. b4 O-O
9. Be3 Re8 10. Be2 d5 11. Bc1 Bf8 12. Bb2 d4 13. Na2 h6 14. Nh2 b6 15. Qd2 Ne6
16. O-O-O a5 17. Kb1 axb4 18. axb4 Nc7 19. f4 Bd6 20. fxe5 Bxe5 21. Nf3 c5 22.
Nxe5 Rxe5 23. b5 Re7 24. Rdf1 Be6 25. Bd1 Nxb5 26. Bb3 Nc7 27. g4 Kf8 28. g5
Ng8 29. g6 b5 30. gxf7 Rxf7 31. Rxf7+ Kxf7 32. Rf1+ Ke7 33. Qf4 Kd7 34. h4 Qf6
35. Bc1 Qxf4 36. Rxf4 g5 37. hxg5 hxg5 38. Rf2 g4 39. Kb2 Rb8 40. Kc2 Ne7 41.
Rg2 bxc4 42. Bxc4 Bxc4 43. dxc4 Rg8 44. Bf4 Ne6 45. Bg3 Ng5 46. Re2 Nc6 47. Kd3
Ra8 48. Bh4 Ra3+ 0-1

[Event " Olexuv memorial 2019"]
[Site "Brno"]
[Date "2019.12.28"]
[Round "3.11"]
[White "Martisek, Karel"]
[Black "Devat, Jakub"]
[Result "1-0"]
[WhiteElo "1815"]
[BlackElo "1000"]
[PlyCount "75"]
[EventDate "2019.12.26"]

1. e4 e5 2. Nf3 Nf6 3. Nxe5 d6 4. Nf3 Nxe4 5. Qe2 Qe7 6. d4 d5 7. Bd2 Bg4 8.
Be3 Nd7 9. h3 Bf5 10. Nbd2 O-O-O 11. O-O-O Qd6 12. Nxe4 Bxe4 13. Nd2 Bg6 14. h4
Qc6 15. Nb3 h6 16. Qd2 Bb4 17. c3 Qa4 18. cxb4 Qxa2 19. Qc3 Nb6 20. Bd3 Na4 21.
Qc2 Rd6 22. Bxg6 Rxg6 23. b5 Rb6 24. Nc5 Nxc5 25. dxc5 Rxb5 26. Bd4 f6 27. Rh3
Qa6 28. Ra3 Ra5 29. Rxa5 Qxa5 30. Kb1 Kb8 31. Be3 Qb5 32. g3 Qd7 33. Qb3 c6 34.
Rd4 Re8 35. Ra4 Qf5+ 36. Ka2 h5 37. Bf4+ Ka8 38. Rxa7+ 1-0

[Event " Olexuv memorial 2019"]
[Site "Brno"]
[Date "2019.12.28"]
[Round "3.12"]
[White "Hajek, Oskar"]
[Black "Tokabayev, Alibek"]
[Result "1-0"]
[WhiteElo "2177"]
[BlackElo "1895"]
[PlyCount "109"]
[EventDate "2019.12.26"]

1. e4 e5 2. f4 d5 3. exd5 e4 4. d3 Nf6 5. dxe4 Nxe4 6. Nf3 Bc5 7. Qe2 Qxd5 8.
Nc3 Bb4 9. Bd2 Bxc3 10. Bxc3 O-O 11. Rd1 Nxc3 12. Rxd5 Nxe2 13. Bxe2 Re8 14.
Kf2 Be6 15. Rd2 Nc6 16. Bb5 Red8 17. Bxc6 Rxd2+ 18. Nxd2 bxc6 19. Nf3 Rd8 20.
Re1 a6 21. b3 Kf8 22. Ne5 Rd6 23. c4 f6 24. Nf3 c5 25. h3 Kf7 26. g4 g6 27. Re2
a5 28. Nd2 Rc6 29. a4 Rb6 30. Re3 Rc6 31. Kg3 Bc8 32. Ne4 f5 33. Nc3 Be6 34.
Nb5 Kf6 35. Rd3 Ke7 36. Re3 Kf6 37. Re5 Kf7 38. g5 h5 39. Kf2 Ke7 40. Ke2 Kd7
41. Kd2 Rb6 42. Rxc5 c6 43. Nd4 Ra6 44. Kc3 Bf7 45. Nf3 Kd6 46. Re5 c5 47. Re3
Ra7 48. Ne5 Re7 49. Rd3+ Kc7 50. Kb2 Be8 51. Rd5 Re6 52. Rxc5+ Kb6 53. Rd5 Ka6
54. c5 Kb7 55. Rd6 1-0

[Event " Olexuv memorial 2019"]
[Site "?"]
[Date "2019.12.28"]
[Round "4.5"]
[White "Lukas, Frantisek"]
[Black "Pribyl, Rene"]
[Result "1/2-1/2"]
[WhiteElo "1859"]
[BlackElo "1960"]
[PlyCount "122"]
[EventDate "2019.12.27"]
[SourceDate "2019.12.28"]

1. d4 c5 2. d5 e5 3. c4 d6 4. e4 g6 5. Nc3 h5 6. Bd3 Bh6 7. Nge2 Bxc1 8. Qxc1
Nh6 9. O-O Kf8 10. f4 Nd7 11. f5 Kg7 12. fxg6 fxg6 13. Ng3 Qh4 14. Qe1 Qe7 15.
Be2 Nf6 16. Qd2 a6 17. Qg5 Nf7 18. Qe3 Ng4 19. Bxg4 Bxg4 20. Nh1 Rhf8 21. Nf2
Bd7 22. Nh3 b5 23. b3 b4 24. Nb1 a5 25. Nd2 a4 26. Qg3 axb3 27. axb3 Ra3 28.
Rxa3 bxa3 29. Ra1 Ra8 30. Nb1 Bxh3 31. gxh3 Qg5 32. Qxg5 Nxg5 33. Kg2 Nxe4 34.
Rxa3 Rxa3 35. Nxa3 Kf6 36. Nb1 Kf5 37. Kf3 h4 38. Kg2 Kf4 39. Na3 Ke3 40. Nb5
g5 41. Nc7 Nd2 42. Nb5 Nxb3 43. Nxd6 Na5 44. Nf7 Nxc4 45. d6 Nxd6 46. Nxd6 e4
47. Kf1 Kd3 48. Ke1 c4 49. Nb5 Ke3 50. Nc3 Kf3 51. Kf1 Ke3 52. Ke1 Kd3 53. Nb5
c3 54. Na3 Ke3 55. Nc2+ Kf3 56. Kf1 e3 57. Ne1+ Ke4 58. Ke2 Kf5 59. Kxe3 g4 60.
hxg4+ Kxg4 61. Kf2 Kf4 1/2-1/2

[Event " Olexuv memorial 2019"]
[Site "Brno"]
[Date "2019.12.28"]
[Round "4.1"]
[White "Wunsch, Radek"]
[Black "Hajek, Oskar"]
[Result "0-1"]
[WhiteElo "1881"]
[BlackElo "2177"]
[PlyCount "60"]
[EventDate "2019.12.26"]

1. e4 c6 2. d4 d5 3. e5 c5 4. dxc5 e6 5. Be3 Nc6 6. Nf3 Nge7 7. c3 Nf5 8. Bd4
f6 9. Bb5 Bd7 10. Bxc6 Bxc6 11. O-O Be7 12. Re1 Qd7 13. Nbd2 O-O 14. Nf1 a5 15.
Ne3 Nh6 16. Qd2 f5 17. Nc2 f4 18. Red1 g5 19. Nfe1 Rf5 20. Nd3 Bb5 21. Nce1 Qe8
22. f3 Kh8 23. b4 a4 24. a3 Qg6 25. Nb2 Rg8 26. c4 dxc4 27. Rac1 g4 28. fxg4
Qxg4 29. Rc3 Bc6 30. Nf3 Bxf3 0-1

[Event " Olexuv memorial 2019"]
[Site "Brno"]
[Date "2019.12.28"]
[Round "4.3"]
[White "Marsa, Alexandr"]
[Black "Kacalek, Tomas"]
[Result "1-0"]
[WhiteElo "1857"]
[BlackElo "1568"]
[PlyCount "87"]
[EventDate "2019.12.26"]

1. d4 e6 2. c4 c5 3. d5 Nf6 4. Nc3 g6 5. e4 Bg7 6. e5 Ng8 7. f4 exd5 8. cxd5 d6
9. Nf3 Nh6 10. Bb5+ Bd7 11. Bxd7+ Nxd7 12. e6 Nb6 13. a4 O-O 14. a5 Nc8 15. Ng5
f5 16. h3 Rb8 17. O-O Bf6 18. Be3 Qe7 19. Qd2 b6 20. Rfb1 b5 21. b4 c4 22. Nf3
Qg7 23. Bd4 Ne7 24. a6 Rfc8 25. Ra5 Kf8 26. Bxf6 Qxf6 27. Qd4 Qxd4+ 28. Nxd4
Rb6 29. Ndxb5 Rcb8 30. Nxa7 Ra8 31. Nab5 Raxa6 32. Rba1 Rxa5 33. Rxa5 Nhg8 34.
Nc7 Rxb4 35. Ra8+ Kg7 36. Ne8+ Kh6 37. Nxd6 Nf6 38. Nf7+ Kg7 39. d6 Nc6 40. Rc8
Nb8 41. Ne5 Ne4 42. Rc7+ Kg8 43. Nxe4 fxe4 44. e7 1-0

[Event " Olexuv memorial 2019"]
[Site "Brno"]
[Date "2019.12.28"]
[Round "4.4"]
[White "Veznik, Michael"]
[Black "Hayrumyan, Artur"]
[Result "1-0"]
[WhiteElo "1773"]
[BlackElo "1448"]
[PlyCount "89"]
[EventDate "2019.12.26"]

1. Nc3 Nf6 2. d4 g6 3. e4 d6 4. Nf3 Bg4 5. h3 Bxf3 6. Qxf3 Bg7 7. e5 dxe5 8.
Qxb7 Nbd7 9. Nb5 O-O 10. dxe5 Nxe5 11. Bf4 Qd5 12. Qxd5 Nxd5 13. Bd2 c6 14. Nc3
Nb4 15. O-O-O Rab8 16. a3 Nd5 17. f4 Nd7 18. Be2 Rb7 19. Bc4 N7f6 20. b3 Rc7
21. Rhg1 Nb6 22. Be2 Nfd5 23. Ne4 a5 24. c4 Ra8 25. Kb1 f5 26. cxd5 fxe4 27.
dxc6 Rxc6 28. Rc1 Rd6 29. Rgd1 Nd5 30. Bc4 Kf8 31. Re1 Nf6 32. Bc3 a4 33. Bb4
Rd7 34. g4 axb3 35. Bxb3 Nd5 36. Bxd5 Rxd5 37. Rxe4 Ra7 38. Rc5 Rd3 39. h4 Rh3
40. h5 Rd7 41. Rc8+ Kf7 42. hxg6+ hxg6 43. Kc2 Rdd3 44. Rc7 Kf6 45. Rc6+ 1-0

[Event " Olexuv memorial 2019"]
[Site "Brno"]
[Date "2019.12.28"]
[Round "4.7"]
[White "Kolek, Josef"]
[Black "Nisztuk, Michal"]
[Result "1/2-1/2"]
[WhiteElo "1771"]
[BlackElo "1655"]
[Annotator " "]
[PlyCount "83"]
[EventDate "2019.12.26"]

1. e4 e5 2. Nf3 Nc6 3. Bb5 Nf6 4. Bxc6 dxc6 5. d3 Bd6 6. h3 O-O 7. Bg5 Re8 8.
Nbd2 b5 9. O-O c5 10. Qe2 a5 11. b3 a4 12. Rfd1 axb3 13. axb3 Be6 14. Bh4 c6
15. Nf1 Rxa1 16. Rxa1 Be7 17. g4 Nd7 18. Bxe7 Qxe7 19. Ne3 g6 20. Ra7 Qf6 21.
Kg2 Nb6 22. Rb7 Nc8 23. Rc7 Ne7 24. Qd2 h5 25. g5 Bxh3+ 26. Kg3 Qf4+ 27. Kxh3
Qxf3+ 28. Kh2 Qf4+ 29. Kg1 Qxg5+ 30. Kf1 Ra8 31. Qc3 h4 32. Qxc5 Re8 33. d4 Kg7
34. Qxe5+ Qxe5 35. dxe5 Ng8 36. f4 Re6 37. Ng4 Ne7 38. Kf2 c5 39. Rxc5 Rc6 40.
b4 Rxc5 41. bxc5 Kf8 42. Kg2 {necitelne} 1/2-1/2

[Event " Olexuv memorial 2019"]
[Site "Brno"]
[Date "2019.12.28"]
[Round "4.8"]
[White "Divis, Jan"]
[Black "Martisek, Karel"]
[Result "0-1"]
[WhiteElo "1508"]
[BlackElo "1815"]
[PlyCount "90"]
[EventDate "2019.12.26"]

1. d4 d5 2. Bf4 Nf6 3. e3 e6 4. Nd2 Be7 5. c3 O-O 6. Ngf3 c5 7. Be2 Nc6 8. O-O
Nh5 9. Bg3 Nxg3 10. hxg3 cxd4 11. Nxd4 e5 12. Nxc6 bxc6 13. Qa4 Qc7 14. c4 Rb8
15. Qc2 Qb6 16. b3 Be6 17. Rfc1 Rfc8 18. c5 Qd8 19. Ba6 Rc7 20. a3 Bf6 21. Rab1
Qd7 22. Bd3 e4 23. Be2 Bg5 24. Rd1 Qe7 25. b4 f5 26. Nf1 Bf6 27. Nh2 g5 28. g4
f4 29. exf4 gxf4 30. f3 e3 31. Bd3 Bh4 32. Bf5 Bf2+ 33. Kf1 Bxf5 34. gxf5 Re8
35. Ke2 h5 36. Rh1 d4 37. Nf1 Qf7 38. Qb3 d3+ 39. Qxd3 Qa2+ 40. Kd1 Rd7 41.
Qxd7 Qxb1+ 42. Ke2 Qe1+ 43. Kd3 Qd1+ 44. Kc4 Qc2+ 45. Kd4 e2+ 0-1

[Event " Olexuv memorial 2019"]
[Site "Brno"]
[Date "2019.12.28"]
[Round "4.9"]
[White "Weber, Tomas"]
[Black "Hurta, Miroslav"]
[Result "0-1"]
[WhiteElo "1476"]
[BlackElo "1737"]
[PlyCount "44"]
[EventDate "2019.12.26"]

1. d3 d5 2. Nd2 e5 3. e4 Nf6 4. c3 Nc6 5. Ngf3 dxe4 6. dxe4 Be7 7. Be2 O-O 8.
O-O Be6 9. Re1 a5 10. b3 Bc5 11. Qc2 Ng4 12. Rf1 f5 13. Bc4 Bxc4 14. Nxc4 fxe4
15. Qxe4 Nxf2 16. Rxf2 Qd1+ 17. Qe1 Qxe1+ 18. Nxe1 Bxf2+ 19. Kf1 Bd4+ 20. Ke2
Rf2+ 21. Kd1 Bxc3 22. Nd3 Rd8 0-1

[Event " Olexuv memorial 2019"]
[Site "Brno"]
[Date "2019.12.28"]
[Round "4.10"]
[White "Zikan, Karel"]
[Black "Doskar, Miloslav"]
[Result "0-1"]
[WhiteElo "1679"]
[BlackElo "1590"]
[PlyCount "68"]
[EventDate "2019.12.26"]

1. d4 d5 2. c4 c6 3. Nf3 Nf6 4. Nc3 e6 5. Bg5 Be7 6. e3 Nbd7 7. Qc2 h6 8. Bh4
a6 9. c5 O-O 10. Bd3 Re8 11. O-O Nf8 12. b4 N6h7 13. Bxe7 Qxe7 14. a4 Ng5 15.
Nxg5 Qxg5 16. f4 Qe7 17. b5 f5 18. bxc6 bxc6 19. a5 Nd7 20. Na4 g5 21. Nb6 Ra7
22. Qe2 Nf6 23. Rab1 Ne4 24. Bxe4 dxe4 25. Nc4 Kh7 26. Nd6 Rg8 27. Rb6 gxf4 28.
exf4 Qf6 29. Qc4 Rag7 30. Rf2 Bd7 31. Rxa6 e3 32. Re2 Qh4 33. Qd3 Rxg2+ 34.
Rxg2 Qf2+ 0-1

[Event " Olexuv memorial 2019"]
[Site "Brno"]
[Date "2019.12.28"]
[Round "4.11"]
[White "Devat, Jakub"]
[Black "Hala, Pavel"]
[Result "1-0"]
[WhiteElo "1000"]
[BlackElo "1531"]
[PlyCount "103"]
[EventDate "2019.12.26"]

1. e4 d6 2. d4 e6 3. Nf3 Nd7 4. Bc4 Nb6 5. Bb3 h6 6. Nc3 Ne7 7. Be3 d5 8. e5
Bd7 9. Qd2 Ng6 10. O-O Be7 11. Rac1 Rc8 12. Ne2 Nc4 13. Bxc4 dxc4 14. d5 b6 15.
Rfd1 Bb5 16. Ned4 Bd7 17. dxe6 fxe6 18. Qc3 Kf7 19. Qxc4 Qe8 20. Rd2 c5 21. Ne2
Bb5 22. Qc3 Bxe2 23. Rxe2 Qc6 24. Rd1 Qb5 25. Red2 Rhe8 26. b3 Red8 27. a4 Qe8
28. Ne1 Rxd2 29. Rxd2 Rd8 30. Rd3 Rd7 31. g3 Nf8 32. a5 Qd8 33. axb6 axb6 34.
Qc4 Rd5 35. Ng2 g5 36. Qe4 Rxd3 37. cxd3 Ng6 38. f4 Qd5 39. Qxd5 exd5 40. Kf2
d4 41. Bd2 Ke6 42. Kf3 Nh8 43. Ke4 Kf7 44. f5 Bd8 45. h4 Ke8 46. f6 Nf7 47. Kf5
Bc7 48. e6 Ne5 49. hxg5 hxg5 50. Bxg5 Nxd3 51. f7+ Kf8 52. Bh6+ 1-0

[Event " Olexuv memorial 2019"]
[Site "Brno"]
[Date "2019.12.28"]
[Round "4.12"]
[White "Tokabayev, Alibek"]
[Black "Neduchal, Jiri"]
[Result "1-0"]
[WhiteElo "1895"]
[BlackElo "1740"]
[PlyCount "63"]
[EventDate "2019.12.26"]

1. d4 Nf6 2. Bf4 g6 3. Nf3 Bg7 4. h3 d5 5. e3 O-O 6. Bd3 b6 7. O-O c5 8. c3 Ba6
9. Qe2 Bxd3 10. Qxd3 c4 11. Qe2 Ne4 12. Nbd2 Nxd2 13. Nxd2 b5 14. e4 e6 15.
exd5 exd5 16. Rfe1 Nc6 17. Qf3 Qd7 18. Nf1 Rfe8 19. Ne3 Rad8 20. Bg5 Ne7 21.
Ng4 f5 22. Nf6+ Bxf6 23. Bxf6 Kf7 24. Bg5 Rc8 25. Re5 a6 26. Bxe7 Rxe7 27. Rae1
Rxe5 28. Rxe5 Rd8 29. g4 Kf6 30. Qf4 Rc8 31. gxf5 gxf5 32. Qh6+ 1-0

[Event " Olexuv memorial 2019"]
[Site "Brno"]
[Date "2019.12.29"]
[Round "5.1"]
[White "Hajek, Oskar"]
[Black "Veznik, Michael"]
[Result "1-0"]
[WhiteElo "2177"]
[BlackElo "1773"]
[PlyCount "75"]
[EventDate "2019.12.26"]

1. e4 d6 2. d4 g6 3. Nc3 Bg7 4. Be3 a6 5. a4 b6 6. Bc4 Bb7 7. Nf3 e6 8. h4 h5
9. Ng5 Nh6 10. f3 d5 11. Be2 Qe7 12. Qd2 Nd7 13. O-O f6 14. Nh3 dxe4 15. d5 Nf5
16. dxe6 Ne5 17. fxe4 Ng3 18. Nd5 Bxd5 19. exd5 Nxf1 20. Rxf1 O-O 21. Nf4 f5
22. g3 Kh7 23. Nh3 Bf6 24. Kh2 Rad8 25. c4 b5 26. axb5 axb5 27. cxb5 c6 28.
bxc6 Nxc6 29. Ng5+ Kg8 30. Nf7 Rb8 31. Nh6+ Kh7 32. Nxf5 gxf5 33. Qd3 Ne5 34.
Qxf5+ Kg7 35. d6 Ng4+ 36. Qxg4+ hxg4 37. dxe7 Rxb2 38. Bh6+ 1-0

[Event " Olexuv memorial 2019"]
[Site "Brno"]
[Date "2019.12.29"]
[Round "5.2"]
[White "Snorek, Milan"]
[Black "Marsa, Alexandr"]
[Result "1-0"]
[WhiteElo "1937"]
[BlackElo "1857"]
[PlyCount "143"]
[EventDate "2019.12.26"]

1. d4 Nf6 2. c4 e6 3. Nc3 Bb4 4. Qc2 c5 5. Nf3 Nc6 6. dxc5 Bxc5 7. Bg5 b6 8. e3
Ba6 9. a3 Be7 10. Bd3 h6 11. Bh4 Rc8 12. Qa4 Na5 13. Nd2 O-O 14. Rd1 Bb7 15.
O-O d5 16. b4 Nc6 17. Nf3 Kh8 18. Bb1 g5 19. Bg3 a5 20. cxd5 exd5 21. e4 Nxb4
22. axb4 Rxc3 23. bxa5 bxa5 24. exd5 Ra3 25. Qb5 Qd7 26. Qxd7 Nxd7 27. Ne5 Nxe5
28. Bxe5+ f6 29. d6 Bd8 30. Bd4 Bc6 31. Bf5 Kg7 32. Rc1 Bb5 33. Rfe1 Re8 34.
Be6 Rd3 35. Bc5 f5 36. Ba2 Kf6 37. Rxe8 Bxe8 38. Bb1 Rd5 39. Ba3 Bb6 40. Bb2+
Ke6 41. Ba2 Kxd6 42. Bxd5 Kxd5 43. Kf1 Bb5+ 44. Ke1 Bc5 45. Bg7 Bb4+ 46. Bc3
Bxc3+ 47. Rxc3 a4 48. Kd2 Bc4 49. Ra3 Bb3 50. Kc3 h5 51. Ra1 Ke5 52. Re1+ Kf4
53. Re8 h4 54. Rb8 g4 55. Rb4+ Kg5 56. g3 hxg3 57. hxg3 Kf6 58. Kd4 Bc2 59. Rc4
Bb3 60. Rc6+ Kg5 61. Ra6 Bd1 62. Ke5 Bb3 63. Ra8 Kg6 64. Kf4 Bc2 65. Ke5 Bb3
66. Ra7 Kg5 67. Rb7 Bc2 68. Rg7+ Kh6 69. Kf6 Bb1 70. Rb7 Be4 71. Rb4 Bc2 72.
Rb2 1-0

[Event " Olexuv memorial 2019"]
[Site "Brno"]
[Date "2019.12.29"]
[Round "5.3"]
[White "Neduchal, Jiri"]
[Black "Borovicka, Bohumil"]
[Result "0-1"]
[WhiteElo "1740"]
[BlackElo "1905"]
[PlyCount "86"]
[EventDate "2019.12.26"]

1. d4 d5 2. Nf3 e6 3. e3 Bd6 4. Bd3 f5 5. O-O Qf6 6. Nc3 c6 7. Ne2 Nh6 8. c4
O-O 9. c5 Bc7 10. b4 Nd7 11. Bb2 e5 12. dxe5 Nxe5 13. Bxe5 Bxe5 14. Nxe5 Qxe5
15. h3 Bd7 16. Qc2 Nf7 17. Rac1 Rae8 18. Qc3 Qe7 19. a4 Ne5 20. b5 Rf6 21. Kh1
g5 22. bxc6 Bxc6 23. Bb5 f4 24. Bxc6 bxc6 25. exf4 gxf4 26. Nd4 f3 27. Nxf3
Nxf3 28. gxf3 Qe6 29. Rg1+ Kf7 30. Rg3 Qe5 31. Qd3 Qf5 32. Qb3 Rg6 33. Rcg1 Rd8
34. Kg2 Qe6 35. Rxg6 hxg6 36. Qe3 d4 37. Qxe6+ Kxe6 38. Kf1 Kd5 39. Rg5+ Kc4
40. Ke2 Kc3 41. Rxg6 d3+ 42. Ke3 d2 43. Rg1 Re8+ 0-1

[Event " Olexuv memorial 2019"]
[Site "Brno"]
[Date "2019.12.29"]
[Round "5.4"]
[White "Martisek, Karel"]
[Black "Wunsch, Radek"]
[Result "1/2-1/2"]
[WhiteElo "1815"]
[BlackElo "1881"]
[PlyCount "35"]
[EventDate "2019.12.26"]

1. e4 Nc6 2. Nf3 e5 3. Bb5 a6 4. Bxc6 dxc6 5. d4 exd4 6. Qxd4 Qxd4 7. Nxd4 Bd6
8. O-O Ne7 9. Nd2 Ng6 10. Nc4 Bf4 11. g3 Bxc1 12. Raxc1 Bh3 13. Rfe1 O-O-O 14.
Nf5 Rhg8 15. Rcd1 Rxd1 16. Rxd1 Bxf5 17. exf5 Ne7 18. Ne3 1/2-1/2

[Event " Olexuv memorial 2019"]
[Site "Brno"]
[Date "2019.12.29"]
[Round "5.5"]
[White "Hurta, Miroslav"]
[Black "Pribyl, Rene"]
[Result "1-0"]
[WhiteElo "1737"]
[BlackElo "1983"]
[PlyCount "45"]
[EventDate "2019.12.26"]

1. e4 e5 2. Nf3 Nf6 3. Nc3 Nc6 4. d4 exd4 5. Nxd4 d6 6. Nxc6 bxc6 7. Bd3 Be7 8.
O-O O-O 9. f4 Nd7 10. Be3 a5 11. Qe2 Bf6 12. Rad1 Rb8 13. Na4 Bxb2 14. Rb1 Bf6
15. Rxb8 Nxb8 16. e5 Be7 17. Bd2 Be6 18. f5 dxe5 19. fxe6 Qd4+ 20. Kh1 Qxa4 21.
exf7+ Kh8 22. c4 Qa3 23. Qe4 1-0

[Event " Olexuv memorial 2019"]
[Site "?"]
[Date "2019.12.29"]
[Round "5.6"]
[White "Doskar, Miloslav"]
[Black "Lukas, Frantisek"]
[Result "1/2-1/2"]
[WhiteElo "1580"]
[BlackElo "1859"]
[PlyCount "65"]
[EventDate "2019.12.27"]
[SourceDate "2019.12.29"]

1. d4 d5 2. c4 dxc4 3. e3 Nf6 4. Bxc4 e6 5. Nc3 c5 6. Nf3 a6 7. O-O b5 8. Bd3
Nc6 9. dxc5 Bxc5 10. a3 Bb7 11. b4 Be7 12. Bb2 O-O 13. Rc1 Rc8 14. Ne4 Nxe4 15.
Bxe4 Qb6 16. Bxc6 Bxc6 17. Ne5 Rfd8 18. Qg4 Bf8 19. Nxc6 Rxc6 20. Rxc6 Qxc6 21.
Rd1 Rxd1+ 22. Qxd1 Qd6 23. Qe2 Qd5 24. Qc2 Qd7 25. h3 Bd6 26. Kf1 Bb8 27. Ke2
Qc7 28. Qd3 Qd6 29. Qc3 f6 30. g4 Qc7 31. Qd3 Qd6 32. Qc3 Qc7 33. Qd3 1/2-1/2

[Event " Olexuv memorial 2019"]
[Site "Brno"]
[Date "2019.12.29"]
[Round "5.7"]
[White "Kacalek, Tomas"]
[Black "Kolek, Josef"]
[Result "1/2-1/2"]
[WhiteElo "1568"]
[BlackElo "1771"]
[PlyCount "61"]
[EventDate "2019.12.26"]

1. d4 Nf6 2. c4 g6 3. Nc3 Bg7 4. e4 d6 5. f3 Nc6 6. Be3 e5 7. d5 Ne7 8. Qd2 O-O
9. Nge2 Ne8 10. g4 f5 11. gxf5 gxf5 12. Bh6 Ng6 13. Bg5 Bf6 14. Rg1 Bxg5 15.
Qxg5 Qxg5 16. Rxg5 f4 17. Nc1 Kf7 18. Nd3 a6 19. O-O-O h6 20. Rg1 Nf6 21. Rd2
Bd7 22. c5 Rg8 23. cxd6 cxd6 24. Ne1 b5 25. b4 Nh4 26. Rxg8 Rxg8 27. Rf2 Rg1
28. Ne2 Rg8 29. Nc3 Ke7 30. Kb2 Rg1 31. Ne2 1/2-1/2

[Event " Olexuv memorial 2019"]
[Site "Brno"]
[Date "2019.12.29"]
[Round "5.8"]
[White "Hladky, Milan"]
[Black "Hayrumyan, Artur"]
[Result "1-0"]
[WhiteElo "1667"]
[BlackElo "1448"]
[PlyCount "88"]
[EventDate "2019.12.26"]

1. d4 Nf6 2. Nf3 g6 3. c4 d6 4. Nc3 Bg7 5. g3 Bg4 6. Bg2 c5 7. O-O O-O 8. Qb3
Nc6 9. Qd1 Qd7 10. dxc5 dxc5 11. Qxd7 Nxd7 12. Be3 Rab8 13. Rac1 Bxf3 14. exf3
Nd4 15. Rfd1 Rfd8 16. Kf1 Ne5 17. f4 Nxc4 18. b3 Na5 19. Nd5 e6 20. Rxc5 Nac6
21. Nc3 b6 22. Rc4 Rbc8 23. Bxc6 Rxc6 24. Bxd4 Rxc4 25. bxc4 Rxd4 26. Rxd4 Bxd4
27. Nb5 Bc5 28. Nxa7 Kf8 29. Nb5 Ke7 30. f3 f6 31. Ke2 e5 32. fxe5 fxe5 33. Kd3
Kf6 34. Ke4 g5 35. g4 Kg6 36. Kxe5 h5 37. h3 Be3 38. Ke6 h4 39. Nc3 Kg7 40. Nd5
Bc5 41. Kd7 Kf7 42. Kc6 Ke6 43. Nxb6 Be3 44. c5 Ke5 1-0

[Event " Olexuv memorial 2019"]
[Site "Brno"]
[Date "2019.12.29"]
[Round "5.9"]
[White "Nisztuk, Michal"]
[Black "Zikan, Karel"]
[Result "1/2-1/2"]
[WhiteElo "1655"]
[BlackElo "1679"]
[PlyCount "50"]
[EventDate "2019.12.26"]

1. e4 c6 2. d4 d5 3. exd5 cxd5 4. Nf3 Bg4 5. c4 Bxf3 6. Qxf3 e6 7. Nc3 Bb4 8.
Bd2 Nf6 9. cxd5 Bxc3 10. bxc3 Qxd5 11. Qg3 O-O 12. f3 Nc6 13. Bd3 Nxd4 14. cxd4
Qxd4 15. Ke2 Rfd8 16. f4 Ne4 17. Qe3 Nxd2 18. Qxd2 Rd6 19. Rhd1 Rad8 20. Rab1
Qd5 21. Bxh7+ Kxh7 22. Qc2+ Qf5 23. Qxf5+ exf5 24. Rxd6 Rxd6 25. Rxb7 Ra6
1/2-1/2